[Event "Polugaevsky Memorial 2018"]
[Site "Samara"]
[Date "2018.07.14"]
[Round "5"]
[White "Kopylov, Alexander A"]
[Black "Dubinin, Alexander"]
[Result "0-1"]
[WhiteElo "2431"]
[BlackElo "2060"]
[Annotator "TA"]
[PlyCount "94"]
[EventDate "2018.07.10"]
[EventType "swiss"]
[EventCountry "RUS"]
[SourceTitle "playchess.com"]
[Source "ChessBase"]
[SourceQuality "1"]

{[%evp 22,94,48,25,60,47,46,40,46,31,48,43,103,65,66,66,52,45,45,45,57,50,70,73,104,82,96,91,79,67,99,68,70,71,76,-156,-142,-204,-188,-381,-222,-751,-760,-761,-729,-679,-486,-650,-754,-736,-725,-1346,-1370,-1232,-1202,-29990,-29991,-29991,-29992,-29992,-29987,-29987,-29988,-29986,-29958,-29961,-29957,-29981,-12848,-12846,-11114,-29991,-29991,-29991,-29986]} 1. d4 Nf6 2. c4 g6 3. Nc3 Bg7 4. e4 d6 5. Nf3 O-O 6. Be2 e5 7. Be3 Ng4 8. Bg5 f6 9. Bh4 Nc6 10. d5 Ne7 11. Nd2 Nh6 {[%cal Bg4h6,Bh6f5,Bf5d4][%mdl 32]} 12. O-O {LiveBook: 32 Games} f5 {E92: King's Indian: Classical: 6 Be2 e5: 7 dxe5, 7 Be3 and Petrosian System without 7...Nbd7} (12... g5 13. Bg3 Ng6 14. Re1 Nf4 15. Bf1 g4 16. Rc1 f5 17. exf5 Nxf5 18. Bxf4 exf4 19. Qxg4 Ne3 20. Qe2 Bg4 21. Qd3 {½-½ (62) Paravyan,D (2528)-Smirin,I (2685) St Petersburg 2016}) 13. Rc1 $146 ({Predecessor:} 13. c5 f4 14. cxd6 cxd6 15. Rc1 Bf6 16. Bxf6 Rxf6 17. Nb5 Kh8 18. Nf3 Nf7 19. Nc7 Rb8 20. Qa4 {1-0 (87) Lafuente,P (2489)-Calzetta Ruiz,M (2287) Pamplona 2007}) 13... fxe4 14. Ndxe4 Nhf5 {White is slightly better.} 15. Bg5 h6 16. Bd2 c5 (16... Rb8 $14) 17. a3 b6 18. b4 Nd4 19. bxc5 bxc5 20. Rb1 Nef5 21. Bd3 Nh4 22. f3 a6 23. Na4 Ra7 24. Rb6 Nhf5 {[%cal Bh4f5,Bf5h4,Bh4f3][%mdl 32]} 25. Rf2 Raf7 26. Rb8 Qc7 27. Qb1 Nh4 28. Qb6 $2 {[#]} (28. Kh1 $16 {keeps the pressure on.}) 28... Qd7 $1 $17 {[%cal Rd4f3]} 29. Rxc8 (29. Naxc5 $17 dxc5 30. Nxc5) 29... Rxc8 $19 30. Qxa6 $2 {[#]} (30. Nac3 Ndxf3+ 31. gxf3 Rxf3 32. Qxd6 Qg4+ 33. Kf1) 30... Rcf8 (30... Ndxf3+ $142 $1 {[%mdl 512]} 31. gxf3 (31. Kh1 $2 Nxd2 32. Rxf7 Qg4 $19) (31. Rxf3 Nxf3+) 31... Rxf3 32. Qxd6 Qg4+ 33. Kf1 Rxd3) 31. Nb6 $2 {[#]} (31. Kh1) 31... Nhxf3+ $1 {[%mdl 512]} 32. Kh1 (32. Rxf3 Nxf3+) 32... Qg4 {Threatens to win with ...Nh4.} 33. h3 Qh5 34. Nc8 Nxd2 35. Rxd2 Qh4 36. Rd1 {[#]} Rf3 $1 {[%mdl 512]} 37. Ne7+ (37. gxf3 Qxh3+) 37... Kh7 38. Qxd6 {[#]} Rxh3+ $1 {[%mdl 512]} 39. gxh3 Qxh3+ 40. Kg1 Qg4+ 41. Kh1 Qxd1+ 42. Kg2 Qf3+ 43. Kh2 Qxd3 44. Qxg6+ Kh8 {( -> ...Nf3+)} 45. Nf6 Qe2+ 46. Kg3 Qf3+ 47. Kh2 Qxf6 {Precision: White = 42%, Black = 71%.} 0-1

[Event "Polugaevsky Memorial 2018"]
[Site "Samara"]
[Date "2018.07.14"]
[Round "5"]
[White "Kuzmin, Egor"]
[Black "Frolyanov, Dmitry"]
[Result "0-1"]
[WhiteElo "2278"]
[BlackElo "2540"]
[Annotator "TA"]
[PlyCount "50"]
[EventDate "2018.07.10"]
[EventType "swiss"]
[EventCountry "RUS"]
[SourceTitle "playchess.com"]
[Source "ChessBase"]
[SourceQuality "1"]

{[%evp 17,50,-28,-26,-42,-22,-42,-33,-100,-72,-84,-79,-101,-104,-105,-48,-50,-45,-47,0,-7,0,0,0,-29,-20,-35,-27,-187,-185,-262,-255,-676,-668,-647,-546]} 1. Nf3 d5 2. g3 g6 3. Bg2 Bg7 4. O-O e5 5. d3 Ne7 6. c4 c6 7. cxd5 cxd5 8. Nc3 Nbc6 9. Bd2 O-O {LiveBook: 7 Games} 10. Qa4 {A07: Réti Opening: New York and Capablanca Systems} (10. Qc1 f6 11. h4 Bg4 12. Bh6 Qd7 13. Bxg7 Kxg7 14. Kh2 Rac8 15. Qd2 d4 16. Ne4 b6 17. Ng1 h6 {0-1 (47) Carlstedt,J (2440)-Dautov,R (2604) Germany 2015}) 10... h6 11. Rab1 $146 ({Predecessor:} 11. Rac1 Be6 12. b4 Qd7 13. Rfe1 a6 14. b5 axb5 15. Qxb5 Ra5 16. Qb6 Rfa8 {½-½ (43) Mandetta,J (2221)-Cubas,J (2419) Sao Paulo 2015}) 11... f5 12. Rfd1 (12. d4 $15) 12... Be6 13. d4 e4 14. Ne5 Nxe5 15. dxe5 Kh7 (15... Nc6 $17 16. Be3 Nxe5) 16. f4 exf3 $1 17. exf3 Qb6+ 18. Kh1 d4 19. Ne2 $1 {[%cal Re2d4]} Bxe5 20. Bf4 Bg7 {Threatens to win with ...Nd5.} 21. Nxd4 {[#] Black must now prevent Bc7!} Bf7 $36 {[%mdl 2048] Black fights for an advantage.} 22. Re1 $2 (22. Be3 $1 $11 {and White stays safe.}) 22... Nd5 $19 23. Ne2 (23. Nb3 $142) 23... Rfe8 24. Qd7 $2 (24. Ng1) 24... Re7 25. Qd6 Rae8 {Precision: White = 28%, Black = 50%.} 0-1

[Event "Polugaevsky Memorial 2018"]
[Site "Samara"]
[Date "2018.07.13"]
[Round "5"]
[White "Volovich, Vasily"]
[Black "Fedorov, Alexei"]
[Result "0-1"]
[WhiteElo "2244"]
[BlackElo "2572"]
[Annotator "ChessBase"]
[PlyCount "90"]
[EventDate "2018.07.10"]
[EventType "swiss"]
[EventCountry "RUS"]
[SourceTitle "playchess.com"]
[Source "ChessBase"]
[SourceQuality "1"]
[TimeControl "40/5400+30:1800+30"]

1. e4 {[%emt 0:00:00]} c5 {[%emt 0:00:23]} 2. c3 {[%emt 0:00:29]} Nf6 {[%emt 0:00:28]} 3. e5 {[%emt 0:00:31]} Nd5 {[%emt 0:00:06]} 4. Nf3 {[%emt 0:00:54]} e6 {[%emt 0:00:45]} 5. d4 {[%emt 0:00:44]} cxd4 {[%emt 0:00:06]} 6. cxd4 {[%emt 0:00:27]} b6 {[%emt 0:01:24]} 7. a3 {[%emt 0:02:37]} Be7 {[%emt 0:04:13]} 8. Bd3 {[%emt 0:02:50]} Ba6 {[%emt 0:00:48]} 9. Nc3 {[%emt 0:04:51]} Nxc3 {[%emt 0:11:11]} 10. bxc3 {[%emt 0:00:11]} Bxd3 {[%emt 0:06:24]} 11. Qxd3 {[%emt 0:00:09]} d5 {[%emt 0:02:49]} 12. exd6 {[%emt 0:01:48]} Qxd6 {[%emt 0:00:38]} 13. O-O {[%emt 0:03:20]} Nc6 {[%emt 0:01:52]} 14. Bg5 {[%emt 0:08:30]} Bxg5 {[%emt 0:06:05]} 15. Nxg5 {[%emt 0:01:03]} h6 {[%emt 0:00:18]} 16. Nf3 {[%emt 0:08:01]} O-O {[%emt 0:00:46]} 17. Rfd1 {[%emt 0:08:01]} Rfd8 {[%emt 0:02:49]} 18. c4 {[%emt 0:08:21]} Rac8 {[%emt 0:05:28]} 19. Qe2 {[%emt 0:09:43]} Na5 {[%emt 0:04:17]} 20. d5 {[%emt 0:17:02]} Nxc4 {[%emt 0:00:37]} 21. dxe6 {[%emt 0:00:21]} Qxe6 {[%emt 0:00:11]} 22. Rxd8+ {[%emt 0:00:41]} Rxd8 {[%emt 0:00:06]} 23. Qxe6 {[%emt 0:00:22]} fxe6 {[%emt 0:00:05]} 24. Kf1 {[%emt 0:00:40]} b5 {[%emt 0:08:30]} 25. Ke2 {[%emt 0:03:07]} a5 {[%emt 0:00:59]} 26. Ra2 {[%emt 0:02:11]} Rd5 {[%emt 0:05:08]} 27. h4 {[%emt 0:05:53]} Kf7 {[%emt 0:00:36]} 28. g3 {[%emt 0:01:12]} e5 {[%emt 0:03:59]} 29. Ne1 {[%emt 0:03:35]} e4 {[%emt 0:06:00]} 30. f3 {[%emt 0:01:35]} Rd4 {[%emt 0:00:54]} 31. fxe4 {[%emt 0:01:27]} Rxe4+ {[%emt 0:00:09]} 32. Kf2 {[%emt 0:00:44]} Ke6 {[%emt 0:01:30]} 33. Nf3 {[%emt 0:01:39]} Kd5 {[%emt 0:00:34]} 34. Ra1 {[%emt 0:02:18]} Re3 {[%emt 0:03:45]} 35. a4 {[%emt 0:00:29]} b4 {[%emt 0:00:39]} 36. Rd1+ {[%emt 0:00:39]} Kc5 {[%emt 0:01:03]} 37. Rd8 {[%emt 0:00:46]} Rxf3+ {[%emt 0:02:13]} 38. Kxf3 {[%emt 0:00:08]} b3 {[%emt 0:00:03]} 39. Rc8+ {[%emt 0:01:13]} Kd4 {[%emt 0:00:30]} 40. Ke2 {[%emt 0:00:00]} b2 {[%emt 0:00:00]} 41. Rb8 {[%emt 0:01:11]} Kc3 {[%emt 0:00:25]} 42. Kd1 {[%emt 0:00:53]} Ne3+ {[%emt 0:01:07]} 43. Ke2 {[%emt 0:00:18]} Nd5 {[%emt 0:00:12]} 44. Rc8+ {[%emt 0:01:02]} Kb3 {[%emt 0:00:15]} 45. Rb8+ {[%emt 0:00:14]} Nb4 {[%emt 0:00:05]} 0-1

[Event "Polugaevsky Memorial 2018"]
[Site "Samara"]
[Date "2018.07.14"]
[Round "5"]
[White "Dmitriev, Igor"]
[Black "Shinkevich, Vitaly"]
[Result "0-1"]
[WhiteElo "2231"]
[BlackElo "2432"]
[Annotator "TA"]
[PlyCount "134"]
[EventDate "2018.07.10"]
[EventType "swiss"]
[EventCountry "RUS"]
[SourceTitle "playchess.com"]
[Source "ChessBase"]
[SourceQuality "1"]

{[%evp 12,134,4,-17,0,-4,-1,-14,-4,-8,4,0,0,-30,-20,-19,6,0,21,0,1,-22,0,-14,0,0,0,0,0,-1,0,6,12,0,0,-27,-27,-60,-60,-61,-61,-68,-13,-13,-7,-7,-10,-23,-2,-89,-81,-83,-70,-107,-68,-358,-281,-350,-273,-293,-292,-271,-235,-365,-363,-371,-175,-196,0,-327,-304,-447,-368,-521,-2,-2,-2,-2,-2,-2,0,0,0,0,0,0,0,0,0,0,0,0,0,-731,-708,-595,-564,-1190,-825,-791,-811,-822,-673,-1233,-1249,-1085,-1239,-1125,-1114,-1234,-1198,-1229,-1212,-1231,-1216,-1183,-1123,-1018,-989,-1003,-970,-1832,-1820,-1578,-1533]} 1. e3 Nf6 2. Nf3 c5 3. c4 g6 4. b3 Bg7 5. Bb2 O-O 6. Be2 Nc6 {A30: Symmetrical English: Double Fianchetto and Hedgehog} (6... b6 7. O-O Bb7 8. d4 Na6 9. Nc3 d5 10. Rc1 Rc8 11. Nb5 dxc4 12. Bxc4 cxd4 13. Nfxd4 Rc5 14. Qe2 Qb8 15. Nc3 Rh5 16. f4 Nc5 17. b4 e5 {0-1 (40) Laznicka,V (2654)-Rapport,R (2686) Germany 2018}) 7. a3 {LiveBook: 4 Games} d6 8. Qc2 a6 {The position is equal.} 9. Nc3 Rb8 10. O-O Bf5 11. d3 b5 12. cxb5 $146 ({Predecessor:} 12. Rab1 e5 13. h3 Re8 14. e4 Bd7 15. Nd5 Ne7 16. Nh2 g5 17. Bc1 Nfxd5 18. cxd5 Ng6 19. Bg4 h6 20. g3 Rf8 {½-½ (20) Diehl,J-Schmidt,W (2249) Baden 2013}) 12... axb5 13. Ne4 Rc8 14. Nxf6+ exf6 15. Qd1 d5 16. Rc1 Qb6 17. Qd2 Rfd8 18. b4 c4 $1 19. Nd4 Nxd4 20. Bxd4 Qe6 21. Rfd1 Ra8 22. Ra1 Rdc8 23. dxc4 dxc4 24. Bf3 Be4 25. Bxe4 Qxe4 26. Bc3 Qc6 (26... f5 $15) 27. Kf1 f5 28. Bxg7 Kxg7 29. Qd5 Qa6 30. Qd6 (30. h4 $11) 30... Qa4 $1 $17 31. Qe5+ Kg8 32. Qf6 c3 {[%cal Bc4c3,Bc3c2][%mdl 32] aiming for ...c2.} 33. h4 $2 {[%mdl 8192]} ({White should try} 33. Rd7 $15 Qb3 34. Rc1) 33... c2 $19 34. Rdc1 {If White can now play h5! this consolidates a bit.} Ra6 {[%cal Ba8a6,Ba6c6,Bc6c4][%mdl 32]} 35. Qd4 {White hopes to continue with h5.} h5 $1 36. Qd5 Rac6 37. Ke2 (37. Ra2 {keeps fighting.}) 37... Rc4 38. g3 R8c6 (38... Qa6 $142 39. Ra2 Rc3) 39. Qe5 Rc8 (39... Rc7 $142 40. Qd5 Rc3) 40. Qd5 $1 Qa6 41. Ra2 (41. Kf1 $142) 41... Qb6 42. a4 {[#]} (42. Qd7 $142 Rc3 43. Rb2) 42... bxa4 $2 ({Black should play} 42... Rd8 $1 $19 {[%cal Rd8d5]} 43. Qe5 Qc6 44. axb5 Qd7) 43. Rxa4 $11 Rxb4 44. Ra8 $132 {[%mdl 2048] White puts up resistance} Rxa8 45. Qxa8+ {[%mdl 4096] Endgame KQR-KQR} Kh7 46. Rxc2 Qb5+ 47. Kf3 Qf1 {Hoping for ...Qh1+.} 48. Qf8 Rb7 49. Rd2 $1 {[%cal Rd2d8] Black should prevent Rd8.} (49. Rc8 {leads to mate.} Qh1+ 50. Kf4 Qe4+ 51. Kg5 {[#]} f6+ $1 {[%mdl 512]} 52. Kxf6 Rb6+ 53. Rc6 Rxc6+ 54. Qd6 Rxd6+ 55. Kf7 Qe6+ 56. Kf8 Rd8#) 49... Qh1+ 50. Ke2 Qe4 {...Qg4+ is the strong threat.} 51. Qd6 Qg4+ 52. f3 $2 {[%mdl 8192]} (52. Ke1 $11) 52... Qh3 $19 {Black is clearly winning.} 53. Qd5 Ra7 54. Kd3 Qxg3 55. Ra2 Re7 56. Ra8 Qe1 {( -> ...Qd1+)} 57. Rh8+ Kxh8 58. Qd8+ Kg7 59. Qxe7 {KQ-KQ} Qd1+ 60. Kc4 Qxf3 61. Qe5+ Kh7 62. Qf6 Qe4+ 63. Kb5 Qd5+ 64. Kb4 Qe6 65. Qg5 Kg7 66. Kb5 Qe5+ 67. Kc4 f6 {Precision: White = 38%, Black = 59%.} 0-1

[Event "Polugaevsky Memorial 2018"]
[Site "Samara"]
[Date "2018.07.14"]
[Round "5"]
[White "Muromtsev, Arthur"]
[Black "Mokshanov, Alexey"]
[Result "0-1"]
[WhiteElo "2230"]
[BlackElo "2430"]
[Annotator "TA"]
[PlyCount "106"]
[EventDate "2018.07.10"]
[EventType "swiss"]
[EventCountry "RUS"]
[SourceTitle "playchess.com"]
[Source "ChessBase"]
[SourceQuality "1"]

{[%evp 12,106,-2,-18,33,23,41,39,42,49,87,88,95,74,75,80,78,70,85,59,66,62,53,22,55,47,43,55,110,100,113,100,187,123,259,266,311,291,301,314,280,255,241,105,123,122,159,0,0,-143,-118,-139,-133,-116,-32,-151,-159,-172,-180,-229,-238,-223,-206,-318,-308,-310,-308,-363,-347,-385,-335,-356,-292,-268,-283,-273,-248,-289,-282,-309,-310,-378,-279,-473,-452,-510,-503,-490,-452,-619,-614,-829,-778,-5900,-5700,-29982,-29983]} 1. e4 e6 2. b3 d5 3. Bb2 Nf6 4. e5 Nfd7 5. Qg4 c5 6. f4 {C00: French: Unusual White 2nd moves} Nc6 7. Nf3 {LiveBook: 40 Games} Qc7 (7... h5 $11 8. Qg3 a6) 8. Be2 $14 {White is slightly better.} Nb4 {[#] Strongly threatening ...h5.} (8... a5 9. a4 b6 10. Na3 Ba6 11. Bxa6 Rxa6 12. Nb5 Qb8 13. Nd6+ Bxd6 14. Qxg7 {1-0 (55) Mastrovasilis,D (2582)-Stupak,K (2588) Katowice 2017}) 9. Na3 a6 10. O-O Nb6 11. c3 Nc6 12. Kh1 $146 ({Predecessor:} 12. d4 Bd7 13. dxc5 Bxc5+ {1-0 (48) Balaska,E (1382)-Frantzeskou,A (1209) Achaea 2016}) 12... g6 13. Nc2 Bd7 14. Rac1 O-O-O 15. d4 Kb8 16. dxc5 Bxc5 17. Nb4 Be3 18. Bxa6 Bxc1 19. Rxc1 Rc8 (19... d4 $14) 20. Ba3 $16 {[%mdl 1024] [#] Nxc6+ is the strong threat. White has strong compensation.} Ka8 21. Bf1 h6 (21... Ne7 $16) 22. Nd3 (22. Nxc6 $18 bxc6 23. Bc5) 22... Nb8 (22... Rcg8 $16) 23. Nd4 $18 Na6 24. Bd6 Qd8 25. a4 {[%cal Ba2a4,Ba4a5][%mdl 32]} Be8 26. a5 Nd7 27. b4 (27. Qd1 $18) 27... Nf6 $16 28. Qe2 {Black must now prevent b5.} ({Reject} 28. exf6 $6 Qxd6 29. Qh4 h5 $11) 28... Ne4 29. Nc5 $2 (29. b5 $16 Nb8 30. Bb4) 29... Nxd6 $11 30. exd6 (30. Nxb7 $1 $11 Nxb7 31. Qxa6+ Kb8 32. Bb5) 30... Nxc5 $17 31. bxc5 Rxc5 ({Don't blunder} 31... Qxa5 $2 32. Nb3 $18) 32. Qe5 Bd7 (32... Rg8 $17 33. a6 bxa6 34. Bxa6 Ra5) 33. Rb1 (33. Nb3 $15 Rc8 34. a6) 33... Rxa5 34. Nb3 Ra7 35. Nc5 f6 36. Qd4 Bc6 37. Nxe6 (37. d7 $142) 37... Qxd6 $19 38. Nc5 Re8 39. Nd3 Re4 40. Qb6 Ra6 41. Qc5 Qxc5 42. Nxc5 Ra2 ({Don't play} 42... Rxf4 43. Nxa6 bxa6 44. Bxa6 $17) 43. Nxe4 dxe4 {[%mdl 4096] Endgame KRB-KRB} 44. Kg1 Rc2 45. c4 f5 46. h4 Kb8 47. Rb3 $2 (47. Re1) 47... h5 48. Rg3 Be8 49. Ra3 Kc7 50. Rb3 Bf7 51. Rg3 Kc6 52. Rb3 Rc1 53. Rg3 Bxc4 {Precision: White = 35%, Black = 50%.} 0-1

[Event "Polugaevsky Memorial 2018"]
[Site "Samara"]
[Date "2018.07.14"]
[Round "5"]
[White "Mukhin, Alexander"]
[Black "Kotlyar, Kirill"]
[Result "1/2-1/2"]
[WhiteElo "2167"]
[BlackElo "2407"]
[Annotator "NA"]
[PlyCount "118"]
[EventDate "2018.07.10"]
[EventType "swiss"]
[EventCountry "RUS"]
[SourceTitle "playchess.com"]
[Source "ChessBase"]
[SourceQuality "1"]
[TimeControl "40/5400+30:1800+30"]

1. e4 {[%emt 0:00:00]} c5 {[%emt 0:00:00]} 2. Nf3 {[%emt 0:00:00]} Nc6 {[%emt 0:00:00]} 3. d3 {[%emt 0:00:00]} g6 {[%emt 0:03:42]} 4. g3 {[%emt 0:00:00]} Bg7 {[%emt 0:00:08]} 5. Bg2 {[%emt 0:00:00]} d6 {[%emt 0:05:39]} 6. c3 {[%emt 0:00:00]} Nf6 {[%emt 0:01:31]} 7. O-O {[%emt 0:00:00]} O-O {[%emt 0:00:13]} 8. Re1 {[%emt 0:00:07]} Bg4 {[%emt 0:00:13]} 9. h3 {[%emt 0:00:08]} Bxf3 {[%emt 0:00:10]} 10. Qxf3 {[%emt 0:00:03]} Nd7 {[%emt 0:00:10] A05: Réti Opening: 1 Nf3 Nf6} (10... Rb8 11. Be3 Nd7 12. a4 a6 13. Qd1 Qc7 14. Nd2 b5 15. axb5 axb5 16. Rc1 b4 17. d4 bxc3 18. bxc3 Rfc8 {1-0 (39) Saric,I (2664)-Swapnil,S (2533) Caleta 2018}) 11. Nd2 {[%emt 0:00:36]} b5 {[%emt 0:00:41]} 12. a3 $146 {[%emt 0:02:09]} ({Predecessor:} 12. Qe2 Qb6 13. f4 Rab8 14. Kh2 Qa6 15. Nf3 b4 16. c4 Nd4 17. Nxd4 cxd4 {1-0 (35) Cisneros Belenguer,L (2250)-Gorgs,A (2188) Budapest 2003}) 12... a5 {[%emt 0:00:37]} 13. Nf1 {[%emt 0:02:30]} b4 {[%emt 0:14:43]} 14. axb4 {[%emt 0:06:04]} axb4 {[%emt 0:18:19]} 15. Bd2 $1 {[%emt 0:02:03]} Qb6 {[%emt 0:05:15]} 16. Qd1 {[%emt 0:12:50] [#]} (16. Qe2 $11) 16... bxc3 {[%emt 0:05:02]} (16... Rxa1 $1 $17 17. Qxa1 Nde5) 17. bxc3 {[%emt 0:03:08]} Nde5 {[%emt 0:13:07]} 18. Qc2 {[%emt 0:05:34]} Qb5 {[%emt 0:03:41]} 19. Rxa8 {[%emt 0:00:57]} Rxa8 {[%emt 0:00:09]} 20. Re3 {[%emt 0:00:43]} (20. Rb1 $11 Qxd3 21. Qxd3 Nxd3 {[#]} 22. e5 $1 {[%mdl 512]}) 20... Ra3 {[%emt 0:03:24]} 21. f4 {[%emt 0:03:22]} Nd7 {[%emt 0:00:49]} 22. Re1 $1 {[%emt 0:00:30]} e6 {[%emt 0:02:29]} 23. Rb1 {[%emt 0:02:55]} Qa6 {[%emt 0:00:08]} 24. Kh2 {[%emt 0:04:20]} Kf8 {[%emt 0:07:57]} 25. Ne3 {[%emt 0:01:17]} Ra2 {[%emt 0:00:37]} 26. Rb2 {[%emt 0:01:05]} Rxb2 {[%emt 0:08:59]} 27. Qxb2 {[%emt 0:00:02]} Nb6 {[%emt 0:02:44]} 28. Qb1 {[%emt 0:02:15]} Ne7 {[%emt 0:01:09]} 29. Bf1 {[%emt 0:00:42]} Qa5 {[%emt 0:00:51]} 30. Nc4 {[%emt 0:00:32]} Nxc4 {[%emt 0:00:08]} 31. Qb8+ {[%emt 0:00:07]} Nc8 {[%emt 0:00:12]} 32. Qxc8+ {[%emt 0:00:07]} Ke7 {[%emt 0:00:04]} 33. dxc4 {[%emt 0:02:12]} Qa2 {[%emt 0:00:03]} 34. Qc7+ {[%emt 0:00:12]} Ke8 {[%emt 0:00:10]} 35. Qxd6 {[%emt 0:02:25]} Bxc3 {[%emt 0:00:04]} 36. Bg2 {[%emt 0:04:26]} Qxd2 {[%emt 0:00:57]} 37. Qxc5 {[%emt 0:00:34]} Bb4 {[%emt 0:02:13]} 38. Qc8+ {[%emt 0:00:08]} Qd8 {[%emt 0:00:16]} 39. Qb7 {[%emt 0:00:28]} Ba5 {[%emt 0:00:19]} 40. e5 {[%emt 0:00:00]} Kf8 {[%emt 0:00:00]} 41. c5 {[%emt 0:02:19]} h5 {[%emt 0:00:36]} 42. h4 {[%emt 0:01:00]} Be1 {[%emt 0:03:36]} 43. Qe4 {[%emt 0:04:07]} Bf2 {[%emt 0:01:20]} 44. Qc2 {[%emt 0:00:30]} Be3 {[%emt 0:00:28]} 45. c6 {[%emt 0:01:01]} Bb6 {[%emt 0:00:09]} 46. Be4 {[%emt 0:00:50]} Kg7 {[%emt 0:01:05]} 47. Kh3 {[%emt 0:00:12]} Qe7 {[%emt 0:01:21]} 48. Bd3 {[%emt 0:00:55]} Bd8 {[%emt 0:00:34]} 49. Qc3 {[%emt 0:01:16]} Kh7 {[%emt 0:02:36]} 50. Qd4 {[%emt 0:00:13]} Kg7 {[%emt 0:06:03]} 51. Qd6 {[%emt 0:00:26]} Qc7 {[%emt 0:00:09]} 52. Be2 {[%emt 0:00:48]} Qb6 {[%emt 0:00:40]} 53. Bf3 {[%emt 0:01:22]} Qc7 $16 {[%emt 0:01:10]} 54. g4 {[%emt 0:13:16]} hxg4+ {[%emt 0:00:07]} 55. Kxg4 {[%emt 0:03:02]} Qb6 {[%emt 0:01:04]} 56. Qd2 {[%emt 0:00:21]} Qg1+ {[%emt 0:01:12]} 57. Kh3 {[%emt 0:02:26]} Bb6 {[%emt 0:01:17]} 58. Qg2 {[%emt 0:02:09]} Qxg2+ {[%emt 0:01:02]} 59. Kxg2 {[%emt 0:00:42]} f6 {[%emt 0:00:32]} 1/2-1/2

[Event "Polugaevsky Memorial 2018"]
[Site "Samara"]
[Date "2018.07.14"]
[Round "5"]
[White "Kulaev, Maxim"]
[Black "Burmakin, Vladimir"]
[Result "0-1"]
[WhiteElo "2075"]
[BlackElo "2490"]
[Annotator "TA"]
[PlyCount "70"]
[EventDate "2018.07.10"]
[EventType "swiss"]
[EventCountry "RUS"]
[SourceTitle "playchess.com"]
[Source "ChessBase"]
[SourceQuality "1"]

{[%evp 19,70,-5,-9,-19,43,27,35,34,22,0,0,0,47,39,46,25,67,23,27,21,16,-130,-130,-118,-80,-140,-133,-127,-96,-140,-140,-156,-143,-166,-126,-293,-109,-168,-155,-180,-154,-167,-132,-124,-127,-127,-134,-134,-134,-132,-107,-660,-652]} 1. Nf3 d5 2. g3 c6 3. Bg2 Bf5 4. O-O e6 5. d3 Nf6 6. Nbd2 Be7 7. c4 O-O 8. b3 h6 9. Bb2 a5 10. a3 Qb6 {LiveBook: 5 Games. A12: English Opening: 1...c6 with b3 by White} (10... Bh7 11. Qc2 Na6 12. Ne5 Nd7 13. Nxd7 Qxd7 14. Nf3 Rfc8 15. Bc3 Qd8 16. Qb2 Bf6 17. Ne5 Nc5 18. Bd4 Qd6 19. f4 dxc4 20. dxc4 Nxb3 21. Qxb3 Qxd4+ {0-1 (49) Caruana,F (2808)-Grischuk,A (2761) Paris 2017}) 11. Rb1 $146 ({Predecessor:} 11. Qc2 Nbd7 12. Bc3 {½-½ (12) Movsesian,S (2695)-Volkov,S (2633) Plovdiv 2008}) 11... c5 ({Black should play} 11... Nbd7 $11) 12. cxd5 $14 exd5 {White has an edge.} 13. Re1 Rd8 14. Qc1 Nc6 15. e4 Bh7 16. exd5 Nxd5 17. Ne5 {[#] Hoping for Qc4.} Bf6 18. Nxc6 (18. Ndc4 $5 {[%cal Rc4b6]} Qb5 19. Nxc6 Bxb2 20. Rxb2 (20. Qxb2 bxc6 21. Qc2 Bf5 $14) 20... bxc6 21. Qc2 $14) 18... Qxc6 19. Bxf6 Qxf6 20. Bxd5 ({But not} 20. Qxc5 Rac8 $15) (20. Ne4 $11 {remains equal.} Qf5 21. Qxc5 (21. Nxc5 Rac8 $11)) 20... Rxd5 $17 21. Ne4 Qc6 22. Qc3 (22. b4 $142) 22... Rad8 23. Re3 Bf5 24. f3 b6 25. Rb2 Qb5 {[%cal Rd5d3]} 26. Rd2 a4 27. bxa4 $2 (27. Nf2 $17) 27... Qxa4 $2 (27... Qb1+ $19 28. Kf2 Qh1) 28. Qb2 (28. Kg2 $17) 28... Qa6 $19 {[%cal Rd5d3]} 29. Qc3 Rd4 30. Nf2 c4 {[%cal Rc4d3]} 31. Re8+ Rxe8 32. Qxd4 cxd3 33. Nxd3 Qxa3 34. g4 Bg6 35. Ne5 $2 {[%mdl 8192] [#]} (35. Kg2 $17) 35... Rxe5 $1 {[%mdl 512] Precision: White = 25%, Black = 45%.} 0-1